(Re)writing history : historiography in Southeast Europe after socialism
Αποθηκεύτηκε σε:
| Άλλοι συγγραφείς: | |
|---|---|
| Μορφή: | Βιβλίο |
| Γλώσσα: | English |
| Δημοσίευση: |
Munster :
Lit,
2004
|
| Σειρά: | Studies on South East Europe ;
; 4 |
| Θέματα: | |
| Ετικέτες: |
Προσθήκη ετικέτας
Δεν υπάρχουν, Καταχωρήστε ετικέτα πρώτοι!
|
MARC
| LEADER | 00000nam a2200000 i 4500 | ||
|---|---|---|---|
| 001 | 1/30886 | ||
| 008 | 060607s2004 eng d | ||
| 020 | |a 3-8258-7365-X | ||
| 035 | |l 10084264 | ||
| 040 | |a GR-MY-UA |b gre |e aacr | ||
| 041 | 0 | |a eng | |
| 082 | 0 | |a 907.209496 |2 (22) | |
| 245 | 1 | 0 | |a (Re)writing history : |b historiography in Southeast Europe after socialism / |c Ulf Brunnbauer (ed.) |
| 260 | |a Munster : |b Lit, |c 2004 | ||
| 300 | |a 380 σ.; |c 21 εκ. | ||
| 490 | 1 | |a Studies on South East Europe |v ; 4 | |
| 504 | |a Περιέχει βιβλιογραφία | ||
| 650 | 0 | 0 | |a Historiography |z Southeast Europe |y 20th century. |
| 650 | 0 | 0 | |a Historiography |z Balkan Peninsula. |
| 700 | 1 | |a Brunnbauer, Ulf |d 1970- |4 edt | |
| 830 | 0 | |a Studies on South East Europe ; |v ; 4 | |
| 852 | |a INST |b LESVOS |e 20060607 |h 907.209496 REW |p 005100036070 |q 005100036070 |t BK |y 0 | ||
| 901 | |a BIBL1-2006-2 | ||
| 909 | |a Λ |b 128610 | ||
| 920 | |a ΕΠΕΑΕΚ ΚΟΙΝΩΝΙΚΗΣ ΑΝΘΡΩΠΟΛΟΓΙΑΣ ΚΑΙ ΙΣΤΟΡΙΑΣ |y ΛΕΣΒΟΣ |z 2006-05 | ||
| 970 | |a ΚΑΡΑ |b ΓΙΑΣΕΜΗ |z 2006/06/07 | ||